| 000 | 00977cam a22003131i 4500 | ||
|---|---|---|---|
| 001 | 3432 | ||
| 003 | BD-RjUL | ||
| 005 | 20211208233729.0 | ||
| 008 | 160621s1967 enkac b 011 0deng | ||
| 035 | _a(BD-RjUL)3466 | ||
| 035 | _a(OCoLC)ocm00230009 | ||
| 035 | _a(BD-RjUL) | ||
| 035 | _a(NNC)2470575 | ||
| 040 |
_dUPvMRC _aBD-RjUL _beng _cBD-RjUL |
||
| 041 | _aeng | ||
| 082 |
_a338.9 _bSOC 1967 |
||
| 090 |
_aHD82 _b.S583 |
||
| 245 | 0 | 0 |
_aSocialism, capitalism and economic growth : _bessays presented to Maurice Dobb / _cedited by C.H. Feinstein. |
| 260 |
_aLondon : _bCambridge U.P., _c1967. |
||
| 300 |
_ax, 367 p. : _bill. ; _c24 cm. |
||
| 500 | _aIncludes index. | ||
| 504 | _a"A bibliography of the works of Maurice Dobb" (p. 351-360). | ||
| 650 | 0 |
_aEconomic development. _910783 |
|
| 650 | 0 |
_aEconomic policy. _910784 |
|
| 700 | 1 |
_aDobb, Maurice, _d1900-1976. _95901 |
|
| 700 | 1 |
_aFeinstein, C. H., _eeditor. _910785 |
|
| 942 |
_2ddc _cBK |
||
| 999 |
_c3432 _d3432 |
||